Liedtext / Lyrics Freister Mensch der Welt - ENNIO - Statistiken

Allgemein
  • Dieses Quiz wurde 22 mal gespielt
  • Das Durchschnittsergebnis liegt bei 155 aus 205
Antwortstatistiken
Lyrics % Korrekt
Der
100%
der
100%
freiste
100%
ich
100%
Ich
100%
Mensch
100%
Welt.
100%
die
93%
Die
93%
du
93%
Du
93%
Es
93%
es
93%
meine
93%
mir
93%
mir.
93%
sie
93%
und
93%
zu
93%
bei
86%
bist.
86%
dir
86%
doch
86%
im
86%
mich
86%
mit
86%
mit,
86%
mit.
86%
nicht
86%
sein.
86%
so
86%
wenn
86%
an.
79%
den
79%
dich,
79%
dich
79%
ist
79%
lang,
79%
lang.
79%
viel
79%
werde
79%
aus,
71%
ein.
71%
reißt
71%
trau
71%
tut
71%
vor
71%
weh,
71%
Wind
71%
bläst
64%
Himmel
64%
Kippe
64%
nochmal
64%
warm.
64%
weiß,
64%
wieder,
64%
wird
64%
Zeit.
64%
zünd
64%
allein
57%
glaube
57%
hoff,
57%
immer
57%
irgendwann.
57%
jetzt
57%
leicht,
57%
Luft
57%
nie
57%
sich
57%
uns
57%
vergisst.
57%
warte
57%
daran.
50%
dunkler
50%
fällst
50%
färbt
50%
fest
50%
heute
50%
lila,
50%
Lügen
50%
mehr
50%
Schnee,
50%
tanz
50%
treff
50%
Vielleicht
50%
kenn
43%
lass
43%
sagst,
43%
Schatten
43%
selbst.
43%
werden
43%
komm
36%
lerne
36%
nichts
36%
versteck
36%
lieber
29%
verbrenn
29%
wird‘s
29%
schweigen.
21%
unsere
21%
Keine übereinstimmenden Quizze gefunden
Verteilung der Resultate
Anzahl Personen mit jedem Resultat
Perzentil nach korrekt beantworteten Fragen
Ihre Resultats-Entwicklung
Sie haben dieses Quiz noch nicht gespielt